| 000 | 00452nam a2200121Ia 4500 | ||
|---|---|---|---|
| 008 | 220620s9999||||xx |||||||||||||| ||und|| | ||
| 100 | _aYusuf Yilmaz | ||
| 245 | 0 | _aPhthalocyanines and Some Current Applications | |
| 546 | _aEnglish[eng] | ||
| 650 | _aPhysical Sciences||Engineering and Technology||Chemistry||Electrochemistry||Organic Chemistry | ||
| 856 | _uhttps://www.intechopen.com/books/phthalocyanines-and-some-current-applications | ||
| 942 | _cEB | ||
| 999 |
_c34129 _d34129 |
||